| 000 | 00482nam a2200157Ia 4500 | ||
|---|---|---|---|
| 008 | 231221s9999 xx 000 0 und d | ||
| 020 | _a9780000000000 | ||
| 041 | _aEnglish | ||
| 082 | _a371.330281 ROZ;1 R | ||
| 100 | _aRozakis, Laurie | ||
| 245 | 0 | _aScholastic Guides Super Study Skills: the ultimate guide to tests and studying | |
| 260 |
_c2002 _bScholastic Reference |
||
| 300 | _a128 | ||
| 650 | _aScholastic,Guides,Super,Skills:,ultimate,tests,studying | ||
| 942 | _cHM | ||
| 999 |
_c208437 _d208437 |
||